000 00545nam a2200193 i 4500
001 103769
003 ES-MaACL
005 20230906183436.0
007 t|
008 051117s1977 sp ||||1| spa d
100 1 _aMesa, Roberto.
_980634
245 1 0 _aTeoría y práctica de Relaciones Internacionales /
_cRoberto Mesa.
260 _aMadrid :
_bTaurus,
_c1977.
300 _a270 p. ;
_c21 cm.
490 1 _aEnsayistas ;
_v155
830 0 _aEnsayistas ;
_v155
_9177257
852 _aES-MaACL
_jA-7135
_bR.96548
999 _c103769
_d103769